000 00647nam a2200241Ia 4500
003 OSt
005 20220918183635.0
006 a|||||r|||| 00| 0
007 ta
008 220917b |||||||| |||| 00| 0 eng d
024 _a39,388
037 _cTextual
040 _aARTS
_cARTS
_beng
041 _2eng
_aeng
082 _aO15x7, L9.1
100 _aShukla R C
_963245
245 0 _aDevavani - Darsnam
260 _aDelhi
_bDevavani Parishad
_c1979
650 _aSANSKRIT LITERATURE
700 _a Pandey Ram Suresh
_963246
942 _hO15x7, L9.1
_cTEXL
_2CC
999 _c173296
_d173296